000 00627nam a22002177a 4500
005 20180907120930.0
006 a|||||f|||| 00| 0
007 tc
008 180720b xxu||||| |||| 00| 0 eng d
010 _aBR-002730
020 _c05.00
035 _a BR-002730
037 _bA.I.C.B.
082 _aS
245 _aThe Banjara boys
260 _aNew Delhi
_bA.C.I.B.
_cN.D.
270 _aSector-5, Rohini,
_bNew Delhi
_e110085
300 _avarious pages.
_c30cm.(HB)
942 _2ddc
_cBRLEN
_hS
_mBAN
999 _c157117
_d157117